000 00588nam a22002177a 4500
003 UA-OsUOA
001 66983
007 ta
008 20100208b un ||||| |||| 00| 0 ukr d
090 _a821.161.1
_bР24
942 _cBK
040 _aUA-OsUOA
_brus
_cUA-OsUOA
_dUA-OsUOA
245 _aРассказы русских летописей 12 - 14 вв.
_cМавриной Т.
300 _a256 с.
955 _a2
041 _arus
080 _a821.161.1
260 _aМ.
_c1973
650 7 _a82 Література. Літературознавство
_2UDC
999 _c352920
_d352920